| 000 | 02082nam0a2200421 4500 | ||
|---|---|---|---|
| 001 | RU\NLR\bibl\1823671 | ||
| 005 | 20260407073318.0 | ||
| 010 |
_a978-5-93572-397-2 _91500 |
||
| 035 | _a(NLR Aleph) 001814209 | ||
| 090 |
_a1914706 _c1914706 |
||
| 100 | _a20111020d2011 |||y0rusy50 ca | ||
| 101 | 0 |
_arus _deng |
|
| 102 | _aRU | ||
| 105 | _aa ||||||||| | ||
| 200 | 1 |
_aИтальянская живопись XIII-XVI веков _dItalian painting 13th -16th centuries _eкаталог коллекции _fТ.К. Кустодиева _gГос. Эрмитаж _zeng |
|
| 210 |
_aСанкт-Петербург _cИзд-во Государственного Эрмитажа _d2011 |
||
| 215 |
_a445, [2] с. _cцв. ил., портр. _d28 |
||
| 300 | _aАвт. также на англ. яз.: Tatiana Kustodieva | ||
| 300 | _aНа обл. авт. не указан | ||
| 300 | _aРез. на англ. яз. | ||
| 316 |
_aЭкслибрис: Дар Эрмитажа _5NLR |
||
| 320 | _aБиблиогр.: с. 396-435 | ||
| 320 | _aУказатели: с. 437-446 | ||
| 510 | 1 |
_6z17790 _aItaliana painting 13th - 16th centuries _zeng |
|
| 601 | 0 | 2 |
_aГосударственный Эрмитаж _cСанкт-Петербург, город _jКаталоги _xКоллекция живописи _92367713 _3RU\NLR\auth\661413429 |
| 606 | 1 |
_aЖивопись итальянская _jКаталоги _z13 - 14 вв. _9988215 _3RU\NLR\auth\66372907 |
|
| 686 | _aЩ143(4Ит)4я26 | ||
| 686 | _aЩ101.3(2Р)-2Санкт-Петербург2Эрмитаж7я26 | ||
| 700 | 1 |
_4070 _8rus _7ca _aКустодиева _bТ. К. _gТатьяна Кирилловна _3RU\NLR\auth\7769634 _952562 |
|
| 712 | 0 | 2 |
_4570 _aГосударственный Эрмитаж _cСанкт-Петербург _3RU\NLR\AUTH\883267 _9277747 |
| 790 | 1 |
_6z17510 _aKustodieva _bT. K. _gTat'jana Kirillovna _4070 |
|
| 801 | 0 |
_aRU _bNLR _c20111020 _gRCR |
|
| 801 | 1 |
_aRU _bNLR _c20111020 |
|
| 830 | _aавт. по кн. | ||
| 942 | _cBOOK | ||
| 980 | _aNB | ||
| 980 | _aNBR | ||